• 首页
  • 本馆介绍
  • 公告通知
  • 最新文献
  • 馆藏检索
  • 电子资源
  • 读者导购
  • 参考咨询
  • 我的图书馆
  • 登录
  • 详细信息显示
  • 放入我的书架
  • 预约/预借图书
  • 作者相关作品
  • 分类相关作品
  • 丛书相关作品
  • 出版社相关作品

书目信息

  • 表格格式
  • 工作单格式
  • 卡片格式
题名:
向教育名家学习教育智慧
    
 
作者: 萧枫 , 姜忠喆 主编
分册:  
出版信息: 长春   吉林出版集团有限责任公司  2018
页数: 198页
开本: 23cm
丛书名: 四特教育系列丛书
单 册:
中图分类: G40-091
科图分类:
主题词: 教育思想--jiao yu si xiang--世界
电子资源:
ISBN: 978-7-5534-1034-0
000 01110nam 2200289 45
001 012001000758
005 20140128163621.0
010    @a978-7-5534-1034-0@dCNY39.80
099    @aCAL 012013045684
100    @a20130410d2013 em y0chiy50 ea
101 0  @achi
102    @aCN@b220000
105    @aak z 000yy
106    @ar
200 1  @a向教育名家学习教育智慧@f萧枫, 姜忠喆主编@Axiang jiao yu ming jia xue xi jiao yu zhi hui@FXiao Feng, Jiang Zhong Zhe Zhu Bian@PXFJZZZB
210    @a长春@c吉林出版集团有限责任公司@d2018
215    @a198页@c图@d23cm
225 2  @a四特教育系列丛书@Asi te jiao yu xi lie cong shu@i教师全方位修炼丛书
314    @a封面题: 萧枫, 姜忠喆主编
330    @a本书着重介绍当代教育家的教育思想。主要内容包括: 魏书生的教育智慧 ; 李镇西的教育智慧 ; 李希贵的教育智慧 ; 窦桂梅的教育智慧等。
410  0 @12001@a四特教育系列丛书@i教师全方位修炼丛书
606 0  @a教育思想@Ajiao yu si xiang@y世界
690    @aG40-091@v5
701  0 @a萧枫@Axiao feng@4主编
701  0 @a姜忠喆@Ajiang zhong zhe@4主编
801  0 @aCN@b江苏凤凰@c20191020
905    @b1223957-60@dG40-091@e1065@f4
    
    向教育名家学习教育智慧/萧枫, 姜忠喆主编.-长春:吉林出版集团有限责任公司,2018
    198页:图;23cm.-(四特教育系列丛书.教师全方位修炼丛书)
    
    
    ISBN 978-7-5534-1034-0:CNY39.80
    本书着重介绍当代教育家的教育思想。主要内容包括: 魏书生的教育智慧 ; 李镇西的教育智慧 ; 李希贵的教育智慧 ; 窦桂梅的教育智慧等。
●
相关链接 在E读中查询图书 在五车中查询图书 在当当中查询图书 在豆瓣中查询图书


正题名:向教育名家学习教育智慧     索取号:G40-091/1065         预约/预借

序号 登录号 条形码 馆藏地/架位号 状态 备注
1 1223957   212239576   第一样本阅览室/ [索取号:G40-091/1065] 在馆    
2 1223958   212239585   教育系资料室/ [索取号:G40-091/1065] 在馆    
3 1223959   212239594   教育系资料室/ [索取号:G40-091/1065] 在馆    
4 1223960   212239601   第四借阅区/ [索取号:G40-091/1065] 在馆    
唐山师范学院图书馆 欢迎您!
大连网信软件有限公司© 版权所有